| 000 | 00476cam a2200193ua 4500 | ||
|---|---|---|---|
| 020 | _c4.50 | ||
| 041 |
_aeng _h |
||
| 082 |
_a530 _bSAS/PR |
||
| 100 | _aSatry, Gourinadha M . | ||
| 245 |
_aPre-University physics / _cM.Gourinadha Sastry. _hTextual Documents |
||
| 260 |
_aChennai : _bS.Viswanathan , _c1957. |
||
| 300 | _a349 ; . | ||
| 365 | _a4.50 | ||
| 504 | _a | ||
| 700 | 1 | _aOuseph, C C. | |
| 700 | 1 | _aRao, Venkata V . | |
| 942 | _cBK | ||
| 999 |
_c10117 _d10117 |
||